Statistics for Bands in Kerrang's Rock 100 (2013)

Click here to take the quiz!

General Stats

  • This quiz has been taken 496 times
  • The average score is 33 of 100

Answer Stats

HintAnswer% Correct
6 | 19Green Day
71%
54Metallica
66%
3 | 7My Chemical Romance
66%
47Metallica
64%
22 | 24Fall Out Boy
63%
27 | 31Blink 182
60%
23 | 37Foo Fighters
59%
15 | 45Nirvana
59%
38 | 63Linkin Park
55%
1Bring Me The Horizon
54%
30 | 65Slipknot
52%
11 | 29Paramore
51%
12 | 18All Time Low
47%
34AC/DC
45%
55Guns n' Roses
45%
75 | 91Sum 41
45%
49Black Sabbath
44%
36 | 72Panic at the Disco
44%
2Black Veil Brides
43%
32Guns n' Roses
42%
48Iron Maiden
42%
5Avenged Sevenfold
39%
76Led Zeppelin
39%
81Bullet for my Valentine
37%
16Bullet For My Valentine
37%
80Good Charlotte
37%
89Limp Bizkit
36%
4Pierce The Veil (ft. Kellin Quinn)
36%
94Korn
35%
35 | 39Muse
35%
28 | 56Evanescence
34%
10 | 17You Me At Six
34%
61 | 92Papa Roach
33%
830 Seconds To Mars
32%
13A Day To Remember
32%
52A Day to Remember
32%
9Asking Alexandria
32%
43 | 82System of a Down
29%
85Aerosmith
28%
68 | 78Bowling for Soup
28%
90Queens of the Stone Age
27%
60 | 84Marilyn Manson
26%
41Bon Jovi
25%
77Nickelback
25%
26 | 53Biffy Clyro
24%
87Jimmy Eat World
24%
88Motorhead
24%
66Rage Against the Machine
23%
100Simple Plan
23%
25Enter Shikari
21%
74 | 86Red Hot Chilli Peppers
20%
64Rammstein
18%
96Alter Bridge
14%
33Lower Than Atlantis
14%
42Tenacious D
14%
51The Pretty Reckless
14%
98Funeral for a Friend
13%
14Mallory Knox
13%
99The White Stripes
13%
21Young Guns
13%
79The Blackout
12%
67 | 71Twin Atlantic
12%
44Deaf Havana
11%
20Don Broco
11%
62Him
11%
50 | 57Placebo
11%
70Shinedown
11%
46 | 59The All American Rejects
11%
69Wheatus
11%
97Feeder
10%
58Kids in Glass Houses
10%
83Angels and Airwaves
9%
73The Rasmus
9%
40While She Sleeps
9%
95Andrew W.K.
8%
93Every Avenue
6%

Score Distribution

Percentile by Number Answered

Percent of People with Each Score

Your Score History

You have not taken this quiz